Countries with the Shortest Coastline - Statistics

General Stats
  • This quiz has been taken 19 times
  • The average score is 5 of 10
Answer Stats
Coastline
(kilometers)
Answer % Correct
7 Monaco
89%
20 Nauru
74%
95 Belgium
63%
50 Togo
63%
78 Tuvalu
58%
27 Slovenia
53%
27 Jordan
47%
90 Barbados
42%
91 Iraq
37%
18 Bosnia and Herzegovina
21%
No matching quizzes found
Score Distribution
Percent of People with Each Score
Percentile by Number Answered
Your Score History
You have not taken this quiz